[Event "European Youth Chess Championship B16"]
[Site "Prague, Top Hotel Prague"]
[Date "2016.08.24"]
[Round "6.35"]
[White "Havelka, Ondrej"]
[Black "Akdogan, Alperen"]
[Result "0-1"]
[WhiteElo "2025"]
[BlackElo "2152"]
[PlyCount "132"]
[EventDate "2016.08.18"]

1. d4 Nf6 2. c4 e6 3. Nc3 Bb4 4. a3 Bxc3+ 5. bxc3 O-O 6. e3 b6 7. Bd3 Bb7 8. f3
d5 9. Ne2 c5 10. O-O Nc6 11. Bb2 Na5 12. Ng3 dxc4 13. Bc2 Rc8 14. Qe2 Qc7 15.
f4 Qc6 16. Rae1 Rfe8 17. Rf2 g6 18. Bc1 cxd4 19. exd4 Qd5 20. Qd1 Nc6 21. h4
Ne7 22. h5 Nf5 23. Ne4 Nxe4 24. Bxe4 Qd7 25. g4 Nd6 26. Bc2 Qc6 27. Rh2 Qf3 28.
Qxf3 Bxf3 29. hxg6 hxg6 30. Rh4 Kg7 31. Re3 Bd5 32. Reh3 Rh8 33. f5 Rxh4 34.
Rxh4 exf5 35. Bh6+ Kf6 36. Bf4 Ne4 37. Bxe4 fxe4 38. Kf2 Ke6 39. Ke3 b5 40. Rh1
a6 41. Be5 f6 42. Bg3 a5 43. Rh7 Ra8 44. Be1 Rf8 45. Bg3 b4 46. cxb4 axb4 47.
Be1 bxa3 48. Bb4 Rf7 49. Rxf7 Kxf7 50. Bxa3 f5 51. gxf5 gxf5 52. Bb4 Kg6 53.
Kf4 Be6 54. Bc3 Kh5 55. Be1 Bd7 56. d5 Bc8 57. Ke5 Kg4 58. Kd4 Kf3 59. Kxc4 Ke2
60. Bg3 Ke3 61. d6 f4 62. Bh4 Be6+ 63. Kc3 f3 64. Bg5+ Ke2 65. Kd4 f2 66. Ke5
Bd7 0-1

[Event "European Youth Chess Championship B16"]
[Site "Prague, Top Hotel Prague"]
[Date "2016.08.24"]
[Round "6.36"]
[White "Sramek, Vojtech"]
[Black "Slovak, Kilian"]
[Result "0-1"]
[WhiteElo "2005"]
[BlackElo "2142"]
[PlyCount "144"]
[EventDate "2016.08.18"]

1. e4 c5 2. Nf3 Nc6 3. d4 cxd4 4. Nxd4 Nf6 5. Nc3 e5 6. Ndb5 d6 7. Nd5 Nxd5 8.
exd5 Nb8 9. c4 Be7 10. Be2 a6 11. Nc3 O-O 12. O-O f5 13. f4 Nd7 14. Kh1 Bf6 15.
Qc2 exf4 16. Bxf4 Ne5 17. b4 Ng6 18. Bg3 f4 19. Bf2 Be5 20. Rad1 Nh4 21. Bd4
Nf5 22. Bxe5 dxe5 23. Qb3 Ne3 24. Ne4 Nxf1 25. Rxf1 Bf5 26. Bf3 Qh4 27. Nd6 Bg4
28. c5 Rf6 29. Bxg4 Qxg4 30. Qf3 Qg6 31. Ne4 Rff8 32. Re1 Rad8 33. d6 Qe6 34.
a3 h6 35. h3 g5 36. Nf2 Rd7 37. Ng4 h5 38. Nxe5 Rh7 39. Nd3 Qf6 40. Qd5+ Kh8
41. Qe5 Qxe5 42. Nxe5 Rd8 43. Nf3 g4 44. Nd4 Rdd7 45. Rf1 Rhf7 46. a4 Kg8 47.
Kg1 Rf6 48. Kf2 Kf7 49. hxg4 hxg4 50. Ke2 Rd8 51. Kd3 Re8 52. Kc4 Re3 53. Rh1
f3 54. gxf3 gxf3 55. c6 bxc6 56. d7 Rd6 57. Rf1 Re4 58. Rxf3+ Ke7 59. Rd3 Kxd7
60. Kc3 Kc7 61. b5 axb5 62. axb5 c5 63. Nb3 Rxd3+ 64. Kxd3 Re5 65. Nd2 Rd5+ 66.
Ke3 Kb6 67. Nc4+ Kxb5 68. Na3+ Kc6 69. Nc4 Rh5 70. Na5+ Kd5 71. Nb3 Rh3+ 72.
Kd2 Rxb3 0-1

[Event "European Youth Chess Championship B16"]
[Site "Prague, Top Hotel Prague"]
[Date "2016.08.24"]
[Round "6.37"]
[White "Yilmaz, Goktan"]
[Black "Durbano, Gabriele"]
[Result "1-0"]
[WhiteElo "2134"]
[BlackElo "2002"]
[PlyCount "85"]
[EventDate "2016.08.18"]

1. e4 e6 2. d4 d5 3. Nc3 Nf6 4. Bg5 Be7 5. e5 Nfd7 6. h4 h6 7. Bxe7 Qxe7 8. f4
a6 9. Nf3 c5 10. Qd2 Nc6 11. O-O-O c4 12. f5 b5 13. g4 Nb6 14. Qf4 Qb7 15. Ne2
Bd7 16. g5 O-O-O 17. f6 g6 18. gxh6 b4 19. h5 b3 20. cxb3 cxb3 21. a3 Be8 22.
hxg6 fxg6 23. Nc3 Kb8 24. Ng5 Bf7 25. Bxa6 Qxa6 26. Nxf7 Rc8 27. Nd6 Nb4 28.
Qf1 Rxc3+ 29. bxc3 Qxa3+ 30. Kd2 Qb2+ 31. Ke3 Qxc3+ 32. Kf4 g5+ 33. Kg4 Nc2 34.
Qb5 Ne3+ 35. Kh5 Nec4 36. Nxc4 Qf3+ 37. Kg6 Qf5+ 38. Kf7 Rh7+ 39. Kf8 Rh8+ 40.
Ke7 Rh7+ 41. Kd6 Rd7+ 42. Qxd7 Nxd7 43. h7 1-0

[Event "European Youth Chess Championship B16"]
[Site "Prague, Top Hotel Prague"]
[Date "2016.08.24"]
[Round "6.38"]
[White "Aubrecht, Petr"]
[Black "Gallagher, Daniel GH"]
[Result "0-1"]
[WhiteElo "1959"]
[BlackElo "2128"]
[PlyCount "80"]
[EventDate "2016.08.18"]

1. b3 e5 2. Bb2 Nc6 3. e3 Nf6 4. Nf3 e4 5. Nd4 Nxd4 6. Bxd4 d5 7. c4 dxc4 8.
Bxc4 Bf5 9. Bb2 Bd6 10. Nc3 c6 11. Be2 Bc7 12. Qc2 Qd7 13. O-O-O O-O-O 14. Kb1
Rhe8 15. Na4 Ng4 16. Nc5 Qe7 17. Bxg4 Bxg4 18. f3 Bf5 19. g4 Bg6 20. f4 f5 21.
gxf5 Bxf5 22. Rc1 Bd6 23. b4 Kb8 24. a3 g6 25. Ka1 Qf7 26. Nb3 Qd5 27. Nd4 Be6
28. Nxe6 Qxe6 29. Bd4 Bxf4 30. Qc5 Rxd4 31. exd4 Bxd2 32. Rcd1 e3 33. Rhe1 Bxe1
34. Rxe1 Qb3 35. Qc1 Ka8 36. Qb2 Qd3 37. Re2 a6 38. Ka2 Rf8 39. a4 Qxe2 40.
Qxe2 Rf2 0-1

[Event "European Youth Chess Championship B16"]
[Site "Prague, Top Hotel Prague"]
[Date "2016.08.24"]
[Round "6.39"]
[White "Buzas, Bertalan"]
[Black "Burhanov, Vassily"]
[Result "1-0"]
[WhiteElo "2127"]
[BlackElo "1888"]
[PlyCount "101"]
[EventDate "2016.08.18"]

1. d4 d5 2. Nf3 e6 3. g3 c6 4. Bg2 f5 5. O-O Bd6 6. c4 Nf6 7. b3 Qe7 8. Bb2 O-O
9. Qc1 b6 10. Ba3 Bxa3 11. Qxa3 c5 12. Ne5 Bb7 13. Nc3 Ne4 14. Rac1 Nxc3 15.
Rxc3 dxc4 16. Bxb7 Qxb7 17. dxc5 b5 18. bxc4 b4 19. Qb2 a5 20. Rd3 Qc8 21. Rfd1
Qxc5 22. Nd7 Nxd7 23. Rxd7 Rf6 24. Rb7 Raf8 25. Rdd7 R8f7 26. Qd2 h6 27. Rbc7
Qe5 28. c5 Qa1+ 29. Kg2 Qc3 30. Qxc3 bxc3 31. Rc8+ Rf8 32. Rxf8+ Kxf8 33. Rd3
e5 34. Rxc3 Rc6 35. Kf3 Ke7 36. e4 g6 37. Ke3 Rc8 38. f4 Ke6 39. fxe5 Kxe5 40.
exf5 Kxf5 41. c6 Ke5 42. c7 Kd5 43. Kd3 h5 44. a4 g5 45. h3 h4 46. g4 Ke5 47.
Rc5+ Kf4 48. Kd4 Kg3 49. Rc3+ Kg2 50. Ke5 Rxc7 51. Rxc7 1-0

[Event "European Youth Chess Championship B16"]
[Site "Prague, Top Hotel Prague"]
[Date "2016.08.24"]
[Round "6.40"]
[White "Hakobyan, Hakob V"]
[Black "Iliaguev, Nisim"]
[Result "1-0"]
[WhiteElo "1792"]
[BlackElo "2120"]
[PlyCount "147"]
[EventDate "2016.08.18"]

1. e4 c5 2. Nf3 e6 3. d4 cxd4 4. Nxd4 a6 5. Bd3 Nf6 6. O-O e5 7. Bg5 h6 8. Bxf6
Qxf6 9. Nf5 d5 10. Nc3 d4 11. Nd5 Qd8 12. Bc4 Nc6 13. f4 Bxf5 14. exf5 Rc8 15.
Qh5 Na5 16. fxe5 Nxc4 17. e6 Nd6 18. f6 g6 19. Qe5 Nc4 20. Qe4 Bc5 21. Nf4 Nd6
22. exf7+ Kd7 23. Qd5 Qxf6 24. Nd3 Qg5 25. Nxc5+ Rxc5 26. Qxg5 hxg5 27. f8=Q
Rxf8 28. Rxf8 Rxc2 29. Rf2 Rc4 30. b3 Rb4 31. Rd1 Ke6 32. Rfd2 Ke5 33. a3 Rxb3
34. Rxd4 Nf5 35. R4d3 Rb2 36. R1d2 Rb1+ 37. Kf2 g4 38. Re2+ Kf6 39. Re4 Kg5 40.
Rb4 Ra1 41. Rxb7 Ra2+ 42. Ke1 Rxg2 43. Rd2 Rg1+ 44. Kf2 Rh1 45. Kg2 Ra1 46. Rb3
a5 47. Kf2 Kf4 48. Rc3 Kg5 49. Ke2 a4 50. Kd3 Rb1 51. Kc2 Rb8 52. Rc5 Kh4 53.
Rd3 Re8 54. Kd2 Rb8 55. Rc7 Kg5 56. Kc3 Re8 57. Rd2 Re3+ 58. Kb2 g3 59. Rg2 Rf3
60. hxg3 Ne3 61. Rc5+ Kg4 62. Rg1 g5 63. Rc3 Rf2+ 64. Kb1 Re2 65. Rc5 Rd2 66.
Rb5 Kf3 67. Rxg5 Nc4 68. Kc1 Ra2 69. Rf5+ Ke3 70. Re1+ Kd4 71. Rf4+ Kc5 72.
Ree4 Nd2 73. Rxa4 Nb3+ 74. Kd1 1-0

[Event "European Youth Chess Championship B16"]
[Site "Prague, Top Hotel Prague"]
[Date "2016.08.24"]
[Round "6.41"]
[White "Liska, Jiri"]
[Black "Pauwels, Xander"]
[Result "0-1"]
[WhiteElo "2116"]
[BlackElo "1996"]
[PlyCount "68"]
[EventDate "2016.08.18"]

1. Nf3 c5 2. c4 d6 3. Nc3 e5 4. e3 f5 5. d4 e4 6. Nd2 Nf6 7. Be2 Be7 8. O-O O-O
9. Nb3 b6 10. f3 Bb7 11. Qc2 Nbd7 12. Bd2 Rc8 13. d5 exf3 14. Bxf3 Ne5 15. Be2
g6 16. e4 fxe4 17. Bh6 Re8 18. Nd2 Nfg4 19. Bxg4 Nxg4 20. Bf4 g5 21. Qxe4 Bf6
22. Qf3 Bd4+ 23. Kh1 Nf2+ 24. Rxf2 Bxf2 25. Qxf2 Rf8 26. Qe3 Rxf4 27. g3 Rf7
28. Nde4 Qe7 29. Re1 h6 30. Nb5 Rd8 31. Nexd6 Rf1+ 32. Rxf1 Qxe3 33. Nxb7 Rd7
34. N7d6 Qe5 0-1

[Event "European Youth Chess Championship B16"]
[Site "Prague, Top Hotel Prague"]
[Date "2016.08.24"]
[Round "6.42"]
[White "Cirovic, Miroljub"]
[Black "Merkesvik, Sondre"]
[Result "1-0"]
[WhiteElo "1943"]
[BlackElo "2228"]
[PlyCount "61"]
[EventDate "2016.08.18"]

1. d4 Nf6 2. c4 g6 3. Nc3 d5 4. cxd5 Nxd5 5. e4 Nxc3 6. bxc3 Bg7 7. Nf3 O-O 8.
Be2 c5 9. Rb1 Qa5 10. Bd2 Qxa2 11. O-O Qe6 12. Ng5 Qd6 13. e5 Qd8 14. Be3 h6
15. Ne4 cxd4 16. cxd4 f5 17. exf6 exf6 18. Nc5 f5 19. d5 Qf6 20. Qb3 Kh8 21.
Rfd1 b6 22. Bd4 Qf7 23. Ne6 Bxd4 24. Nxf8 Bf6 25. Ne6 Bb7 26. Rbc1 Nd7 27. Rc7
Bc8 28. Rdc1 Qe8 29. Bb5 Be5 30. Bc6 Bxc7 31. Nxc7 1-0

[Event "European Youth Chess Championship B16"]
[Site "Prague, Top Hotel Prague"]
[Date "2016.08.24"]
[Round "6.43"]
[White "Lojek, Marek"]
[Black "Pavelka, Hubert Jan"]
[Result "1-0"]
[WhiteElo "2141"]
[BlackElo "1934"]
[PlyCount "87"]
[EventDate "2016.08.18"]

1. b3 b6 2. Bb2 Bb7 3. e3 e6 4. f4 f5 5. Nf3 Nf6 6. Be2 Be7 7. O-O O-O 8. c4 c5
9. Nc3 d6 10. d4 Ne4 11. Nxe4 Bxe4 12. Nd2 Bb7 13. Bf3 Qc8 14. g4 Nd7 15. g5 g6
16. h4 cxd4 17. exd4 Re8 18. Bxb7 Qxb7 19. Qf3 Qxf3 20. Nxf3 Bf8 21. Rfe1 Rac8
22. Ba3 d5 23. Bxf8 Kxf8 24. Rac1 Kf7 25. Rc2 b5 26. c5 Nb8 27. Ne5+ Ke7 28. h5
Nc6 29. Nxc6+ Rxc6 30. hxg6 hxg6 31. Rh2 Rf8 32. Rh6 a6 33. Rxg6 Rh8 34. Kg2
Rh4 35. Kg3 Rg4+ 36. Kf3 Rh4 37. Kg3 Rg4+ 38. Kf3 Rh4 39. Rh6 Rxh6 40. gxh6 Kf7
41. Rg1 e5 42. Rg7+ Kf8 43. fxe5 Rxh6 44. Rb7 1-0

[Event "European Youth Chess Championship B16"]
[Site "Prague, Top Hotel Prague"]
[Date "2016.08.24"]
[Round "6.44"]
[White "Slomczewski, Michal"]
[Black "Pantzar, Milton"]
[Result "1-0"]
[WhiteElo "1920"]
[BlackElo "2135"]
[PlyCount "87"]
[EventDate "2016.08.18"]

1. e4 e6 2. d4 d5 3. Nc3 Nf6 4. e5 Nfd7 5. f4 c5 6. Nf3 Nc6 7. Be3 cxd4 8. Nxd4
Bc5 9. Qd2 O-O 10. O-O-O a6 11. Qf2 Qe7 12. Bd3 Nxd4 13. Bxd4 b5 14. Kb1 b4 15.
Na4 Bxd4 16. Qxd4 Bb7 17. f5 exf5 18. Rde1 Bc6 19. Nb6 Nxb6 20. Qxb6 Bd7 21.
Rhf1 g6 22. h3 a5 23. Qd4 a4 24. g4 fxg4 25. hxg4 b3 26. Rh1 bxa2+ 27. Kxa2 Be6
28. Qf4 Rfb8 29. Ka1 Qc5 30. Rb1 Rb4 31. Qh6 Rab8 32. Qxh7+ Kf8 33. Qh8+ Ke7
34. Qf6+ Kd7 35. Rh7 a3 36. b3 Qc3+ 37. Ka2 Rxb3 38. Rxf7+ Bxf7 39. Qxf7+ Kc6
40. Qxg6+ Kc5 41. cxb3 Rh8 42. b4+ Kd4 43. Qb6+ Kxd3 44. Rb3 1-0

[Event "European Youth Chess Championship B16"]
[Site "Prague, Top Hotel Prague"]
[Date "2016.08.24"]
[Round "6.45"]
[White "Papp, Levente"]
[Black "Birkisson, Bjorn Holm"]
[Result "1/2-1/2"]
[WhiteElo "2120"]
[BlackElo "1908"]
[PlyCount "85"]
[EventDate "2016.08.18"]

1. c4 e5 2. g3 Nc6 3. Bg2 Nf6 4. d3 Bc5 5. Nc3 O-O 6. e3 d6 7. Nge2 a6 8. O-O
Ba7 9. d4 Ne7 10. h3 c6 11. b3 Re8 12. Qc2 Be6 13. Rd1 Qc7 14. a4 d5 15. c5 Bf5
16. Qb2 e4 17. b4 Qd7 18. Kh2 Ng6 19. Nf4 Ne7 20. Qe2 g5 21. Nh5 Nxh5 22. Qxh5
f6 23. Qe2 Ng6 24. b5 g4 25. bxc6 bxc6 26. hxg4 Bxg4 27. f3 exf3 28. Bxf3 Bxf3
29. Qxf3 f5 30. Kg2 Qg7 31. Rh1 Bxc5 32. Rb1 Bd6 33. Bd2 Kh8 34. Rh3 f4 35.
exf4 Qxd4 36. Rd1 Rg8 37. Be3 Nxf4+ 38. Bxf4 Qxf4 39. Rxh7+ Kxh7 40. Rh1+ Qh6
41. Qf5+ Rg6 42. Qf7+ Rg7 43. Qf5+ 1/2-1/2

[Event "European Youth Chess Championship B16"]
[Site "Prague, Top Hotel Prague"]
[Date "2016.08.24"]
[Round "6.46"]
[White "Brejnik, Gustav"]
[Black "D`Avino, Gianfranco"]
[Result "0-1"]
[WhiteElo "1868"]
[BlackElo "2119"]
[PlyCount "58"]
[EventDate "2016.08.18"]

1. d4 Nf6 2. c4 g6 3. Nc3 d5 4. Qb3 dxc4 5. Qxc4 Bg7 6. e4 O-O 7. Nf3 b6 8. Bf4
Bb7 9. Bxc7 Qc8 10. Bxb8 Qxb8 11. Bd3 Qf4 12. d5 Rac8 13. Qa4 Nxd5 14. Nxd5
Bxd5 15. O-O Rc7 16. Rab1 Rd8 17. Bc2 Be6 18. Rfd1 Rxd1+ 19. Rxd1 b5 20. Rd8+
Bf8 21. Qd4 f6 22. g3 Qxf3 23. Rxf8+ Kg7 24. e5 Rxc2 25. exf6+ exf6 26. Qxa7+
Kxf8 27. Qb8+ Kg7 28. Qa7+ Kh8 29. Qb8+ Rc8 0-1

[Event "European Youth Chess Championship B16"]
[Site "Prague, Top Hotel Prague"]
[Date "2016.08.24"]
[Round "6.47"]
[White "Mandic, Stefan"]
[Black "Lamblin, Jean"]
[Result "1/2-1/2"]
[WhiteElo "1868"]
[BlackElo "2090"]
[PlyCount "61"]
[EventDate "2016.08.18"]

1. e4 c5 2. Nf3 Nc6 3. d4 cxd4 4. Nxd4 Nf6 5. Nc3 e5 6. Ndb5 d6 7. Bg5 a6 8.
Na3 b5 9. Nd5 Be7 10. Bxf6 Bxf6 11. c3 O-O 12. Nc2 Bg5 13. a4 bxa4 14. Rxa4 a5
15. Bc4 Rb8 16. b3 Kh8 17. O-O f5 18. exf5 Bxf5 19. Nce3 Bg6 20. Qe2 Qd7 21.
Rfa1 Bh4 22. Rf1 e4 23. Bb5 Qb7 24. Bxc6 Qxc6 25. Rxa5 Rxb3 26. Qg4 Bd8 27. Ra7
Rb7 28. Rxb7 Qxb7 29. Nf4 Qf7 30. Ne6 Re8 31. Nxd8 1/2-1/2

[Event "European Youth Chess Championship B16"]
[Site "Prague, Top Hotel Prague"]
[Date "2016.08.24"]
[Round "6.48"]
[White "Shafi, Declan"]
[Black "Kuchar, Matej"]
[Result "1-0"]
[WhiteElo "2078"]
[BlackElo "1873"]
[PlyCount "63"]
[EventDate "2016.08.18"]

1. d4 Nf6 2. Nf3 g6 3. Nc3 d5 4. Bf4 c6 5. h3 Bg7 6. e3 O-O 7. Be2 Bf5 8. O-O
Nbd7 9. Nh4 Be6 10. Bd3 Qa5 11. Nf3 c5 12. Ng5 cxd4 13. exd4 Bf5 14. Bxf5 gxf5
15. Re1 e6 16. Re3 h6 17. Nf3 Ne4 18. Nxe4 dxe4 19. Ne5 Nf6 20. Ra3 Qb4 21. Rb3
Qe7 22. c4 Rfd8 23. c5 Rac8 24. Nc4 Ne8 25. Nd6 Nxd6 26. cxd6 Qd7 27. Rc1 f6
28. Rxc8 Rxc8 29. Rg3 Kf8 30. Qh5 Qf7 31. Rg6 Ke8 32. Bxh6 1-0

[Event "European Youth Chess Championship B16"]
[Site "Prague, Top Hotel Prague"]
[Date "2016.08.24"]
[Round "6.49"]
[White "Jurasek, Vojtech"]
[Black "Landi, Alberto"]
[Result "0-1"]
[WhiteElo "1859"]
[BlackElo "2057"]
[PlyCount "140"]
[EventDate "2016.08.18"]

1. c4 Nf6 2. e3 e6 3. a3 d5 4. cxd5 exd5 5. Nf3 c6 6. d4 Bf5 7. Nc3 Nbd7 8. Be2
Bd6 9. O-O O-O 10. b4 b5 11. Qb3 Nb6 12. Bd2 Nc4 13. Rfc1 Ne4 14. Be1 Re8 15.
a4 a6 16. Nxe4 Bxe4 17. Nd2 Qe7 18. Nxe4 Qxe4 19. axb5 axb5 20. Qd3 Qh4 21. h3
Qe7 22. Qb3 g6 23. Rcb1 f5 24. g3 f4 25. gxf4 Rxa1 26. Rxa1 Bxf4 27. Bxc4 bxc4
28. Qb2 Bc7 29. Qe2 Qd6 30. Qg4 h5 31. Qf3 Rf8 32. Qg2 Rf5 33. Ra6 Qf6 34. Kf1
Rg5 35. Qh1 Qf5 36. Ra3 Qb1 37. Qf3 Rf5 38. Qg2 Rf6 39. Qg5 Rf7 40. Qg2 Bd6 41.
Ra8+ Kh7 42. f4 Bxf4 43. Qf3 Qd3+ 44. Kg2 Qxe3 45. Qxe3 Bxe3 46. Ra6 Bxd4 47.
Rxc6 Re7 48. Kf1 Re3 49. Rd6 Rxh3 50. Rxd5 Bc3 51. Bxc3 Rxc3 52. Rd4 g5 53. b5
Rb3 54. Rd5 Kg6 55. Rc5 h4 56. Rxc4 Rxb5 57. Kg2 Rb2+ 58. Kh3 Rb3+ 59. Kg2 Kf5
60. Rc5+ Kg4 61. Rc4+ Kh5 62. Rc5 h3+ 63. Kh2 Kh4 64. Rc4+ g4 65. Rc1 g3+ 66.
Kh1 Rb4 67. Rg1 g2+ 68. Kh2 Rf4 69. Re1 Rf1 70. Rxf1 gxf1=N+ 0-1

[Event "European Youth Chess Championship B16"]
[Site "Prague, Top Hotel Prague"]
[Date "2016.08.24"]
[Round "6.50"]
[White "Bugar, Peter"]
[Black "Vystrcil, Martin"]
[Result "1/2-1/2"]
[WhiteElo "1857"]
[BlackElo "2029"]
[PlyCount "74"]
[EventDate "2016.08.18"]

1. c4 Nf6 2. Nc3 g6 3. g3 Bg7 4. Bg2 O-O 5. Nf3 d6 6. O-O e5 7. d3 Nc6 8. Rb1
a5 9. a3 Bd7 10. b4 axb4 11. axb4 Ne7 12. Bb2 c6 13. b5 Qc7 14. Qb3 Rfe8 15.
Nd2 Be6 16. Nde4 Nxe4 17. Nxe4 h6 18. Ba3 Red8 19. Qb4 Bf8 20. Qc3 f5 21. Bh3
Bf7 22. Nd2 Bg7 23. e4 Ra4 24. bxc6 bxc6 25. Rb3 Rda8 26. Rfb1 c5 27. Bg2 f4
28. Bb2 g5 29. Ra1 Rxa1+ 30. Bxa1 Qa5 31. Qxa5 Rxa5 32. Bc3 Ra6 33. Nb1 Nc6 34.
Na3 Nd4 35. Bxd4 exd4 36. gxf4 gxf4 37. Bh3 Be8 1/2-1/2

[Event "European Youth Chess Championship B16"]
[Site "Prague, Top Hotel Prague"]
[Date "2016.08.24"]
[Round "6.51"]
[White "Markovic, Dino"]
[Black "Piskac, Marek"]
[Result "1-0"]
[WhiteElo "2012"]
[BlackElo "1711"]
[PlyCount "63"]
[EventDate "2016.08.18"]

1. d4 d5 2. c4 dxc4 3. Nc3 Nf6 4. e4 c5 5. d5 e6 6. Bxc4 a6 7. a4 exd5 8. exd5
Bd6 9. Nge2 O-O 10. O-O b6 11. Bf4 Re8 12. Re1 Bb7 13. Qd2 Qc7 14. Bxd6 Qxd6
15. Ng3 Rd8 16. Nf5 Qf8 17. Qg5 Kh8 18. Re7 Bc8 19. d6 Bxf5 20. Rxf7 Qg8 21.
Qxf5 Nc6 22. Qf4 Nd4 23. Re1 b5 24. Rxf6 Qxc4 25. Rf7 b4 26. Kh1 bxc3 27. Rxg7
Kxg7 28. Re7+ Kg6 29. Qg4+ Kf6 30. Qg7+ Kf5 31. Re5+ Kf4 32. Qg5# 1-0

[Event "European Youth Chess Championship B16"]
[Site "Prague, Top Hotel Prague"]
[Date "2016.08.24"]
[Round "6.52"]
[White "Holton, Jake"]
[Black "Kadianis, Georgios"]
[Result "0-1"]
[WhiteElo "1832"]
[BlackElo "2169"]
[PlyCount "38"]
[EventDate "2016.08.18"]

1. d4 d5 2. Bf4 Nf6 3. e3 c5 4. c3 Qb6 5. Qb3 c4 6. Qxb6 axb6 7. Na3 Bd7 8. Nf3
b5 9. Nc2 Nc6 10. h3 Bf5 11. Kd1 Ne4 12. Bg3 e6 13. Nd2 Nxg3 14. fxg3 h5 15.
Be2 Bd6 16. Nf1 b4 17. Rg1 b3 18. Na3 Rxa3 19. bxa3 b2 0-1

[Event "European Youth Chess Championship B16"]
[Site "Prague, Top Hotel Prague"]
[Date "2016.08.24"]
[Round "6.53"]
[White "Bryker, Oleksandr"]
[Black "Horvath, Tomas"]
[Result "1/2-1/2"]
[WhiteElo "1852"]
[BlackElo "2014"]
[PlyCount "130"]
[EventDate "2016.08.18"]

1. e4 e5 2. Nf3 Nc6 3. Bc4 Nf6 4. Ng5 d5 5. exd5 Na5 6. Bb5+ c6 7. dxc6 bxc6 8.
Bd3 h6 9. Ne4 Nd5 10. O-O Be7 11. Ng3 O-O 12. Nc3 f5 13. Re1 Bd6 14. Bf1 Qf6
15. d3 Bd7 16. Bd2 Nb7 17. a3 g5 18. Na4 Be8 19. c4 Nf4 20. Qb3 Rb8 21. c5+ Bf7
22. Qc2 Bc7 23. b4 h5 24. Bc3 h4 25. Ne2 h3 26. g3 Ng2 27. Bxg2 hxg2 28. f4 Bd5
29. Bxe5 Bxe5 30. fxe5 Qxe5 31. Nec3 Qd4+ 32. Qf2 Qxd3 33. Nxd5 Qxd5 34. Qxg2
Rbd8 35. Qxd5+ cxd5 36. Rad1 Rf6 37. Rd4 Kf7 38. Nc3 Ra6 39. a4 Re6 40. Red1 a5
41. bxa5 Nxa5 42. Rxd5 Rxd5 43. Rxd5 Re3 44. Nd1 Rf3 45. Kg2 g4 46. h3 Ke6 47.
hxg4 fxg4 48. Rg5 Rd3 49. Nf2 Rd5 50. Rxd5 Kxd5 51. Nxg4 Kxc5 52. Kf3 Nc6 53.
Ke4 Kb4 54. Ne5 Ne7 55. g4 Kxa4 56. g5 Kb5 57. Nf7 Kc6 58. Ke5 Kd7 59. Kf6 Nd5+
60. Kg7 Ke7 61. Nh6 Nf4 62. Kh7 Ne6 63. Nf5+ Kd7 64. g6 Nf8+ 65. Kg7 Nxg6
1/2-1/2

[Event "European Youth Chess Championship B16"]
[Site "Prague, Top Hotel Prague"]
[Date "2016.08.24"]
[Round "6.54"]
[White "Chwistek, Karel"]
[Black "Pobor, Danilo"]
[Result "1-0"]
[WhiteElo "1961"]
[BlackElo "1783"]
[PlyCount "51"]
[EventDate "2016.08.18"]

1. e4 c5 2. d3 e6 3. Nf3 Nc6 4. g3 d5 5. Nbd2 Nf6 6. Bg2 Be7 7. O-O Qc7 8. Re1
dxe4 9. dxe4 Bd7 10. e5 Nd5 11. c4 Nb6 12. Qe2 O-O-O 13. Ne4 h5 14. Bf4 Rdg8
15. h4 Qd8 16. b3 Rf8 17. Rad1 Kb8 18. Be3 f6 19. Nxc5 Qc7 20. Rxd7 Nxd7 21.
Nxe6 Qc8 22. Nxf8 Rxf8 23. exf6 Bxf6 24. Bh3 Qe8 25. Bf4+ Qe5 26. Nxe5 1-0

[Event "European Youth Chess Championship B16"]
[Site "Prague, Top Hotel Prague"]
[Date "2016.08.24"]
[Round "6.56"]
[White "Hung, Do"]
[Black "Golding, James"]
[Result "0-1"]
[WhiteElo "1766"]
[BlackElo "1919"]
[PlyCount "118"]
[EventDate "2016.08.18"]

1. e4 e5 2. Nf3 Nc6 3. d4 exd4 4. Bc4 Nf6 5. O-O Nxe4 6. Re1 d5 7. Bxd5 Qxd5 8.
Nc3 Qa5 9. Nxe4 Be6 10. Neg5 O-O-O 11. Nxe6 fxe6 12. Rxe6 Bd6 13. Bg5 Rde8 14.
Qe2 Ne5 15. Rxe8+ Rxe8 16. Kf1 d3 17. cxd3 Rf8 18. Re1 Rxf3 19. gxf3 Qd5 20.
Bf4 Qxf3 21. Qxf3 Nxf3 22. Re8+ Kd7 23. Bxd6 Kxe8 24. Bxc7 Kd7 25. Bb8 a6 26.
Ke2 Nd4+ 27. Ke3 Nc6 28. Bf4 Ke6 29. Ke4 g6 30. a3 h5 31. Bg5 Ne5 32. h3 Nd7
33. d4 Nb6 34. b3 Nd5 35. Bd2 b5 36. h4 Kd6 37. Bf4+ Ke6 38. Be5 Nc3+ 39. Kf4
Nd5+ 40. Kg5 Kf7 41. Bd6 Nc3 42. f3 Nd5 43. f4 Ne3 44. Be5 Nc2 45. a4 Ne1 46.
f5 Nf3+ 47. Kf4 Nxh4 48. f6 Ng2+ 49. Ke4 Ne1 50. axb5 axb5 51. d5 h4 52. Ke3 g5
53. Ke4 h3 54. Kf5 Nf3 55. Bg3 Nd4+ 56. Kxg5 Nxb3 57. Kf5 Nc5 58. Ke5 b4 59.
Kd4 b3 0-1

[Event "European Youth Chess Championship B16"]
[Site "Prague, Top Hotel Prague"]
[Date "2016.08.24"]
[Round "6.57"]
[White "Todorov, Kaloyan"]
[Black "Bauer, Miroslav"]
[Result "1-0"]
[WhiteElo "1918"]
[BlackElo "1327"]
[PlyCount "99"]
[EventDate "2016.08.18"]

1. e4 d6 2. d4 Nf6 3. Nc3 Nbd7 4. Be3 e5 5. f3 c6 6. Qd2 Qc7 7. Nge2 Be7 8. Nc1
a5 9. a4 O-O 10. Nb3 exd4 11. Nxd4 d5 12. exd5 Nxd5 13. Nxd5 cxd5 14. Nb5 Qc6
15. O-O-O Nf6 16. Bd4 Bf5 17. Bd3 Bxd3 18. Qxd3 Rfc8 19. Rhe1 Re8 20. Bxf6 Bxf6
21. Rxe8+ Rxe8 22. g3 Rd8 23. c3 d4 24. Kb1 g6 25. cxd4 Qd7 26. f4 Be7 27. Qe4
Bb4 28. Qd3 Be7 29. Rc1 Rc8 30. Rxc8+ Qxc8 31. Qc3 Qf5+ 32. Qc2 Qd5 33. Qe2
Qh1+ 34. Kc2 Qd5 35. Nc3 Qd7 36. Qe5 Bb4 37. Kb3 Qh3 38. Qe2 Qd7 39. Qe4 Qd8
40. Nd5 Qd6 41. f5 Qb8 42. fxg6 hxg6 43. Nxb4 axb4 44. Qe7 Qa7 45. Qxb4 Qa6 46.
Ka2 Qe6+ 47. Qb3 Qd7 48. Qc4 Qd8 49. h4 Kh7 50. Qxf7+ 1-0

[Event "European Youth Chess Championship B16"]
[Site "Prague, Top Hotel Prague"]
[Date "2016.08.24"]
[Round "6.59"]
[White "Skladtshikov, Andrei"]
[Black "Kildea, Robbie"]
[Result "1-0"]
[WhiteElo "1929"]
[BlackElo "1626"]
[PlyCount "55"]
[EventDate "2016.08.18"]

1. e4 d5 2. exd5 Nf6 3. d4 Nxd5 4. c4 Nb4 5. a3 N4c6 6. Be3 Bf5 7. Nf3 Nd7 8.
Be2 e6 9. O-O Bd6 10. Nc3 Nf6 11. h3 h6 12. Qb3 O-O 13. Qxb7 Qd7 14. c5 a6 15.
cxd6 Rfb8 16. Qxc7 Qe8 17. d7 Nxd7 18. Qxc6 Rxb2 19. Ne5 Rc8 20. Qxd7 Qxd7 21.
Nxd7 Rxc3 22. Bxa6 Be4 23. Rfe1 f5 24. Nc5 Bc6 25. Nxe6 g5 26. Rac1 Rxc1 27.
Rxc1 Bd5 28. Bc4 1-0

[Event "European Youth Chess Championship B16"]
[Site "Prague, Top Hotel Prague"]
[Date "2016.08.24"]
[Round "6.60"]
[White "Czupor, Attila"]
[Black "Rolinek, Dominik"]
[Result "1-0"]
[WhiteElo "2303"]
[BlackElo "1753"]
[PlyCount "55"]
[EventDate "2016.08.18"]

1. e4 d5 2. exd5 Qxd5 3. d4 e5 4. dxe5 Qxe5+ 5. Be2 Bf5 6. Nf3 Qe4 7. Nd4 Nc6
8. Nxf5 Qxf5 9. c3 Nf6 10. O-O Bd6 11. Bd3 Qh5 12. Re1+ Ne7 13. Qxh5 Nxh5 14.
Nd2 Nf6 15. Nc4 O-O-O 16. Bg5 Ned5 17. Bf5+ Kb8 18. Nxd6 Rxd6 19. c4 Nb4 20.
Re7 Rhd8 21. Kf1 Rf8 22. Rae1 b6 23. Bf4 Rc6 24. b3 Nxa2 25. g4 g6 26. g5 gxf5
27. gxf6 Kc8 28. Bh6 1-0